LEADER 00994nam 2200349 450 001 9910424652503321 005 20221010232634.0 010 $a1-83880-226-6 035 $a(CKB)4100000011568847 035 $a(NjHacI)994100000011568847 035 $a(EXLCZ)994100000011568847 100 $a20221010d2020 uy 0 101 0 $aeng 135 $aur||||||||||| 181 $ctxt$2rdacontent 182 $cc$2rdamedia 183 $acr$2rdacarrier 200 00$aLife Cycle and Development of Diptera /$fedited by Muhammad Sarwar 210 1$aLondon :$cIntechOpen,$d2020. 215 $a1 online resource (182 pages) $cillustrations 311 $a1-83880-225-8 320 $aIncludes bibliographical references. 606 $aDiptera 615 0$aDiptera. 676 $a595.7 702 $aSarwar$b Muhammad 801 0$bNjHacI 801 1$bNjHacl 906 $aBOOK 912 $a9910424652503321 996 $aLife Cycle and Development of Diptera$92288073 997 $aUNINA LEADER 02163nam 2200553 450 001 9910822357203321 005 20230803203420.0 010 $a1-908258-18-7 035 $a(CKB)3710000000140892 035 $a(EBL)3413013 035 $a(SSID)ssj0001325803 035 $a(PQKBManifestationID)11718150 035 $a(PQKBTitleCode)TC0001325803 035 $a(PQKBWorkID)11516603 035 $a(PQKB)10999673 035 $a(MiAaPQ)EBC3413013 035 $a(Au-PeEL)EBL3413013 035 $a(CaPaEBR)ebr10887195 035 $a(OCoLC)884588844 035 $a(EXLCZ)993710000000140892 100 $a20140711h20142014 uy 0 101 0 $aeng 135 $aur|n|---||||| 181 $ctxt 182 $cc 183 $acr 200 10$aBackstage economies $elabour and masculinities in contemporary European dance /$fDunja Njaradi 210 1$aChester, [England] :$cUniversity of Chester Press,$d2014. 210 4$dİ2014 215 $a1 online resource (232 p.) 300 $aDescription based upon print version of record. 311 $a1-908258-14-4 320 $aIncludes bibliographical references and index. 327 $a""Backstage Economies front cover""; ""Title pages""; ""Copyright page""; ""Contents""; ""Acknowledgements""; ""List of Illustrations""; ""Chapter One: What is Dance? An Introduction to 'Contemporary Dance'""; ""Chapter Two: Shattered and Sown Europe: Theoretical Questions and Methodological Approaches to Study Dance Under Globalization""; ""Chapter Three: Gender and Masculinities in the World of Contemporary Professional Dance""; ""Colour Plates""; ""Chapter Four: Dance Performance as Labour and Production""; ""Chapter Five: Conclusion""; ""Bibliography""; ""Index""; ""Back cover"" 606 $aDance$zEurope 606 $aModern dance$zEurope 606 $aModern dance 615 0$aDance 615 0$aModern dance 615 0$aModern dance. 676 $a793.31 700 $aNjaradi$b Dunja$01691749 801 0$bMiAaPQ 801 1$bMiAaPQ 801 2$bMiAaPQ 906 $aBOOK 912 $a9910822357203321 996 $aBackstage economies$94068354 997 $aUNINA